UM Logo

Job Expectation on Public Accounting by Undergraduate Students/ (Record no. 14867)

MARC details
000 -LEADER
fixed length control field 00669nam a22001697a 4500
008 - FIXED-LENGTH DATA ELEMENTS--GENERAL INFORMATION
fixed length control field 200123b ||||| |||| 00| 0 eng d
082 ## - DEWEY DECIMAL CLASSIFICATION NUMBER
Edition number 2020
Classification number UT 1418
Item number M27
100 ## - MAIN ENTRY--PERSONAL NAME
Personal name Magallon, Jaydene Kaye J.
9 (RLIN) 41264
245 ## - TITLE STATEMENT
Title Job Expectation on Public Accounting by Undergraduate Students/
Statement of responsibility, etc. Jaydene Kaye J. Magallon, Philip Jhon Allawan & Jannelle S. Gealon
260 ## - PUBLICATION, DISTRIBUTION, ETC. (IMPRINT)
Place of publication, distribution, etc. Digos City
Name of publisher, distributor, etc. UMDC
Date of publication, distribution, etc. January 2020
300 ## - PHYSICAL DESCRIPTION
Extent 58 pages
Dimensions 30 cm
650 ## - SUBJECT ADDED ENTRY--TOPICAL TERM
Topical term or geographic name as entry element Accounting Education
Form subdivision Accounting Technology
General subdivision Undergraduate Thesis
9 (RLIN) 41265
700 ## - ADDED ENTRY--PERSONAL NAME
Personal name Magallon, Jaydene Kaye J.
9 (RLIN) 41264
700 ## - ADDED ENTRY--PERSONAL NAME
Personal name Allawan, Philip Jhon
9 (RLIN) 41266
700 ## - ADDED ENTRY--PERSONAL NAME
Personal name Gealon, Jannelle S.
9 (RLIN) 41267
942 ## - ADDED ENTRY ELEMENTS (KOHA)
Source of classification or shelving scheme Dewey Decimal Classification
Koha item type Undergraduate Thesis
Holdings
Withdrawn status Lost status Source of classification or shelving scheme Damaged status Not for loan Collection code Home library Current library Date acquired Total Checkouts Full call number Barcode Date last seen Price effective from Koha item type
    Dewey Decimal Classification     Undergraduate Theses UM Digos College - LIC UM Digos College - LIC 01/22/2020   UT 1418 M27 UT 1418 01/23/2020 01/23/2020 Undergraduate Thesis